Palynology and environment of the Western part of the Tethys

Podrobná bibliografia
Hlavný autor: Siegl-Farkas, Á. (Autor)
Médium: Článok
Jazyk:slovenčina
angličtina
ISSN:1335-0552
Predmet:

MARC

LEADER 00000nab a2200000 a 4500
001 vtls000861316
003 SK-MaSNL
005 20260304111832.0
008 250429c1999 xo 0 slo
015 |a SNBRB2004/02-03684 
035 |a CLN000212912 
035 |a urn:nbn:sk:snk-ab7916 
035 |a (uuid)30917c6d-9fc0-42d5-9844-3f6511d497c4 
035 |a (urnnbn)urn:nbn:sk:snk:ar-a077wm 
035 |a (sysno)vtls000861316 
040 |a SNKBUCL  |b slo  |c SNKBUCL  |e AACR2 
041 0 |a eng 
044 |a xo  |c SK 
080 |a 551.763.3(234.373)  |2 1997 
080 |a 902.67(234.373)"6153"  |2 1997 
100 1 |a Siegl-Farkas, Á.  |4 aut  |9 1412889 
245 1 0 |a Palynology and environment of the Western part of the Tethys  |c Á. Siegl-Farkas 
504 |a Bibliogr. odkazy 
650 0 7 |a palynostratigrafia  |x paleoprostredie  |y krieda vrchná  |z Tethys západná (Maďarsko)  |2 snkbucl  |9 1412890 
651 7 |a Tethys západná (Maďarsko)  |x palynostratigrafia  |2 snkbucl  |9 1412891 
655 7 |a články z novín a časopisov  |2 snkbucl  |9 267496 
773 0 |t Geologica carpathica  |g Roč. 50, špec. č. (1999), s. 68-69  |x 1335-0552 
850 |a Slovenská národná knižnica 
852 |a Slovenská národná knižnica 
958 |a article27 
958 |a NB 
958 |a HU 
958 |a OND 
958 |a EUIPO 
999 |c 2863339  |d 2865269